Mot à Mot : (Record no. 3142)
[ view plain ]
| 000 -LEADER | |
|---|---|
| fixed length control field | 00710nam a22002177a 4500 |
| 003 - CONTROL NUMBER IDENTIFIER | |
| control field | OSt |
| 005 - DATE AND TIME OF LATEST TRANSACTION | |
| control field | 20231019132802.0 |
| 008 - FIXED-LENGTH DATA ELEMENTS--GENERAL INFORMATION | |
| fixed length control field | 231019b ||||| |||| 00| 0 eng d |
| 020 ## - INTERNATIONAL STANDARD BOOK NUMBER | |
| International Standard Book Number | 9781510434813 |
| 040 ## - CATALOGING SOURCE | |
| Transcribing agency | KH8 |
| 082 ## - DEWEY DECIMAL CLASSIFICATION NUMBER | |
| Classification number | 448.242 HUM |
| 100 ## - MAIN ENTRY--PERSONAL NAME | |
| Personal name | Humberstone, Paul, |
| Relator term | author. |
| 245 ## - TITLE STATEMENT | |
| Title | Mot à Mot : |
| Remainder of title | French Vocabulary for Edexcel A-level / |
| Statement of responsibility, etc. | Paul Humberstone. |
| 260 ## - PUBLICATION, DISTRIBUTION, ETC. | |
| Place of publication, distribution, etc. | London; |
| Name of publisher, distributor, etc. | Hodder Education, |
| Date of publication, distribution, etc. | 2018. |
| 300 ## - PHYSICAL DESCRIPTION | |
| Extent | 160 pages ; |
| Dimensions | 15.1 x 1.1 x 19.8 cm. |
| 520 ## - SUMMARY, ETC. | |
| Summary, etc. | Essential vocabulary for Edexel A level French, all in one place. |
| 650 ## - SUBJECT ADDED ENTRY--TOPICAL TERM | |
| Topical term or geographic name entry element | Foreign language |
| Form subdivision | French langauge |
| 650 ## - SUBJECT ADDED ENTRY--TOPICAL TERM | |
| Topical term or geographic name entry element | French language |
| Form subdivision | Vocabulary |
| 700 ## - ADDED ENTRY--PERSONAL NAME | |
| Personal name | Thathapudi, Kirsty, |
| Relator term | author. |
| 942 ## - ADDED ENTRY ELEMENTS (KOHA) | |
| Source of classification or shelving scheme | |
| Koha item type | Teaching Resources |
| Withdrawn status | Lost status | Source of classification or shelving scheme | Damaged status | Not for loan | Collection code | Permanent Location | Current Location | Shelving location | Date acquired | Full call number | Barcode | Date last seen | Price effective from | Koha item type |
|---|---|---|---|---|---|---|---|---|---|---|---|---|---|---|
| Teaching Resources | KH8 Senior School Library | KH8 Senior School Library | Staff Office | 2023-10-19 | 448.242 HUM | TRKHSL004097 | 2023-10-19 | 2023-10-19 | Teaching Resources | |||||
| Teaching Resources | KH8 Senior School Library | KH8 Senior School Library | Staff Office | 2023-10-19 | 448.242 HUM | TRKHSL004098 | 2023-10-19 | 2023-10-19 | Teaching Resources | |||||
| Teaching Resources | KH8 Senior School Library | KH8 Senior School Library | Staff Office | 2023-10-19 | 448.242 HUM | TRKHSL004099 | 2023-10-19 | 2023-10-19 | Teaching Resources | |||||
| Teaching Resources | KH8 Senior School Library | KH8 Senior School Library | Staff Office | 2023-10-19 | 448.242 HUM | TRKHSL004100 | 2023-10-19 | 2023-10-19 | Teaching Resources | |||||
| Teaching Resources | KH8 Senior School Library | KH8 Senior School Library | Staff Office | 2023-10-19 | 448.242 HUM | TRKHSL004101 | 2023-10-19 | 2023-10-19 | Teaching Resources | |||||
| Teaching Resources | KH8 Senior School Library | KH8 Senior School Library | Staff Office | 2023-10-19 | 448.242 HUM | TRKHSL004102 | 2023-10-19 | 2023-10-19 | Teaching Resources | |||||
| Teaching Resources | KH8 Senior School Library | KH8 Senior School Library | Staff Office | 2023-10-19 | 448.242 HUM | TRKHSL004103 | 2023-10-19 | 2023-10-19 | Teaching Resources | |||||
| Teaching Resources | KH8 Senior School Library | KH8 Senior School Library | Staff Office | 2024-10-31 | 448.242 HUM | TRKHSL006099 | 2024-10-31 | 2024-10-31 | Teaching Resources |